Vương quốc Phù Nam

Nội dung sách giới thiệu về Nam Bộ Việt Nam thời tiền sử và sơ sử, sơ lược về nước Phù Nam, sự phát triển kinh tế xã hội, văn hoá và sự khủng hoảng suy vong của nước Phù Nam.

Guardat en:
Dades bibliogràfiques
Autor principal: Lương, Ninh
Format: Llibre
Idioma:Undetermined
Publicat: Hà Nội Đại học Quốc gia Hà Nội 2009
Matèries:
Etiquetes: Afegir etiqueta
Sense etiquetes, Sigues el primer a etiquetar aquest registre!
Thư viện lưu trữ: Trung tâm Học liệu Trường Đại học Cần Thơ
LEADER 00868nam a2200217Ia 4500
001 CTU_159650
008 210402s9999 xx 000 0 und d
020 |c 44000 
082 |a 959.75 
082 |b N312 
100 |a Lương, Ninh 
245 0 |a Vương quốc Phù Nam 
245 0 |c Lương Ninh 
260 |a Hà Nội 
260 |b Đại học Quốc gia Hà Nội 
260 |c 2009 
520 |a Nội dung sách giới thiệu về Nam Bộ Việt Nam thời tiền sử và sơ sử, sơ lược về nước Phù Nam, sự phát triển kinh tế xã hội, văn hoá và sự khủng hoảng suy vong của nước Phù Nam. 
650 |a Lịch sử,History 
650 |z Chăm pa,Champa 
904 |i Hong Loan,QHieu 
980 |a Trung tâm Học liệu Trường Đại học Cần Thơ